El Precarismo rural en Costa Rica 1960 - 1980: orígenes y evolución /
Gorde:
| Egile nagusia: | |
|---|---|
| Formatua: | Tesis |
| Argitaratua: |
San José:
UCR
|
| Etiketak: |
Etiketa erantsi
Etiketarik gabe, Izan zaitez lehena erregistro honi etiketa jartzen!
|
MARC
| LEADER | 00000 a a2200000 04500 | ||
|---|---|---|---|
| 001 | 22364 | ||
| 003 | |||
| 040 | |||
| 090 | |a 15397.00 | ||
| 100 | |a Villareal Montoya, Beatriz | ||
| 245 | |a El Precarismo rural en Costa Rica 1960 - 1980: |b orígenes y evolución / |c Beatriz Villareal Montoya | ||
| 260 | |a San José: |b UCR | ||
| 300 | |a 156 p |b **no definido** | ||
| 500 | |a Otra versión en CIDCA MFN 14629 numero de ACCESO 01952 | ||
| 502 | |a Tesis (Magister Scientiae) -- Universidad de Costa Rica. Sistema de Estudios de Posgrado, 1981 | ||
| 999 | |c 18048 |d 18048 | ||
